National anthem of Palau, in English - Statistics

General Stats
  • This quiz has been taken 6 times
  • The average score is 43 of 116
Answer Stats
Answer % Correct
and
100%
on.
100%
One
100%
one
100%
one.
100%
our
100%
Our
100%
Palau
100%
Palau,
100%
the
100%
We
100%
bless
67%
for
67%
God
67%
her
67%
home
67%
in
67%
In
67%
is
67%
island
67%
keep,
67%
land,
67%
To
67%
to
67%
all
33%
days.
33%
every
33%
Give
33%
glory
33%
hearts
33%
life
33%
light
33%
love
33%
might
33%
peace
33%
power,
33%
power
33%
spirit
33%
strength
33%
sweet
33%
Under
33%
us
33%
with
33%
With
33%
abides
0%
after
0%
always.
0%
anchored
0%
ancient
0%
build
0%
By
0%
Care
0%
coming
0%
concord,
0%
country,
0%
courage,
0%
death
0%
deep.
0%
defend.
0%
devotion
0%
diligence.
0%
economy's
0%
eternity.
0%
faithfulness
0%
fence.
0%
floating
0%
forefathers
0%
forth
0%
from
0%
glowing
0%
govern
0%
government
0%
hands,
0%
homeland
0%
hour,
0%
inheritance
0%
its
0%
join
0%
Let's
0%
let's
0%
Look
0%
old
0%
protecting
0%
rights,
0%
safe,
0%
secure,
0%
soft
0%
stands.
0%
still
0%
through
0%
Through
0%
united,
0%
ways
0%
No matching quizzes found
Score Distribution
Percent of People with Each Score
Percentile by Number Answered
Your Score History
You have not taken this quiz